Солови песни : [за глас и пиано] [Нотирана музика] (Запис номер 350259)
[ съкратено ]
| 000 -Лидер | |
|---|---|
| Контролно поле с фиксирана дължина | 03946ncm a2200349 a 4500 |
| 003 - Код на организацията, давaща контролен номер | |
| Контролно поле | BLK |
| 005 - Дата и час на последна редакция | |
| Контролно поле | 20230802005159.0 |
| 008 - Елементи от данни с фиксирана дължина | |
| fixed length control field | 200401b bu ||||| |||| 00| 0 bu d |
| 040 ## - Източник на каталожния запис | |
| Идентификатор на билиотеката - собственик на записа | BLK |
| 041 ## - Код за език | |
| Код за езика на текст/звукозапис или на отделно заглавие | Български |
| Код за езика КДБФ | Български |
| 080 ## - УДК | |
| Текстов определител УДК | Вокална музика |
| УДК код - определител по УДК | 784 |
| УДК - код + определител | 784 |
| 100 ## - Редна дума - Автор | |
| Автор | Пипков, Любомир Панайотов |
| Дати, свързани с автора | 1904-1974 |
| Авторска отговорност | първи автор |
| R(LIN) | 428881 |
| 139 ## - Редно поле | |
| Редна дума | Пипков, Любомир Панайотов |
| Авторски знак | Пи - П 51 |
| 245 ## - Сведения за заглавието | |
| Заглавие | Солови песни : [за глас и пиано] [Нотирана музика] |
| Редно поле (дума) | Любомир Пипков ; състав. Лиляна Жабленска. |
| Подзаглавни данни | Ч. 1 - |
| Том | Ч. 1 |
| 250 ## - Област на изданието | |
| Сведения за изданието | 2. изд. |
| 260 ## - Област на издателските данни | |
| 9 (RLIN) | 209430 |
| Място на издаване, разпространение и проч. | София |
| Име на издателя, разпространителя и проч. | Музика |
| Година на издаване | 1978 |
| 300 ## - Физическа характеристика | |
| Размери/Мащаб | 33 см |
| 380 ## - Жанр | |
| Жанр | Изкуство |
| 500 ## - Общи забележки | |
| Забележка | Съдържа: 4 песни оп. 4: Тежат ми венчалните думи : f1-as2 / текст Николай Лилиев. Синеоката : d-a2 / текст Елисавета Багряна. Зимен сън : a-es2 / текст Димитър Пантелеев. Любовта на хамалина : g-f2. 3 / текст Атанас Далчев. 3 балади за бас оп. 6: Воденичар : as-e2 / текст Иван Мирчев. Тракия : b-es2 / текст Никола Фурнаджиев. Конници : b-es2 / текст Никола Фурнаджиев. 2 песни за висок глас оп. 19: Унес : es1-a2 / текст Елисавета Багряна. Любимата : e1-a2 / текст Младен Исаев. 6 песни за висок глас (тенор) оп. 27: Прощално : d1-a2 / текст Никола Вапцаров. Предсмъртно : d1-as2 / текст Никола Вапцаров. Няма да забравим, че стоим на пост : c1-as2 / текст Цветан Спасов. Към Партията : fis1-g2 / текст Христо Радевски. Корея се бори за мир : f1-a2 и 3-гл. хор. Песен за дружбата : d1-g2 / текст Сергей Михалков. 7 песни оп. 46-оп.51: Люлека ми замириса : e1-fis2 / текст Иван Вазов. Трепетлика : d1-as2 / текст Иван Радоев. Морето и любовта : d1-a2 / текст Иван Радоев. Среща : d1-as2 / текст Владимир Башев. Пред вагона : fis1-a2 / текст Владимир Башев. Лека нощ : d1-d2 / текст Лиляна Стефанова. В далечната пуста : a-d1 / текст Иван Радоев. 5 песни по стихове на чуждестранни поети : за среден и висок глас оп. 64: Романс за луната : c1-gis2 / текст Федерико Гарсия Лорка. На своята душа : h-es2 / текст Пиер Ронсар. Малка балада за три реки : es1-g2 / текст Федерико Гарсия Лорка. Песен за поета, който не иска да се отчайва : des1-g2 / текст Рафаел Алберти. Песен 12а : d1-gis2 / текст Рафаел Алберти. Песен за среден глас оп. 72: Горест : b-es2 / текст Владимир Башев |
| 500 ## - Общи забележки | |
| Забележка | 1. изд. 1970 със загл. Избрани песни |
| 650 #0 - Допълнително описание по предмет – тема | |
| 9 (RLIN) | 306210 |
| Основно описание – тема или топоним | Музика, вокална |
| 653 #7 - Ключова дума – ненормативна | |
| 9 (RLIN) | 196911 |
| Ключова дума | солови песни |
| 700 ## - Други автори (авторска отговорност) | |
| 9 (RLIN) | 1478 |
| Лично име | Жабленска, Лиляна Александрова |
| Автороска отговорност (Описва отношението между автора и произведението) | състав. |
| 760 ## - Описание на основната серия | |
| Редна дума на основното описание | Пипков, Любомир Панайотов |
| Място на издаване, издател и година | София : Музика, 1978 |
| Страници - том | 136 с. |
| Част - том | Ч. 1 |
| 852 ## - Местоположение | |
| Форматна сигнатура | Цб М ІІ 7472 |
| Фондова буква | Хранилище |
| 999 ## - СИСТЕМНИ КОНТРОЛНИ НОМЕРА | |
| Koha biblionumber | 350259 |
| Koha biblioitemnumber | 350259 |
| 942 ## - АРТИКУЛИ | |
| Вид на библиотечния материал | Нотни издания |
| Скрит в OPAC | Не |
| Периодичен библиозапис | Да |
| 944 ## - СЪЗДАВАНЕ И РЕДАКЦИЯ на ЗАПИСА | |
| Създаване/Редакция | Създаване |
| Дата на регистрацията/редакция | 2020-04-01 |
| Статус, дата на статуса | CRON CRON |
| Служител, извършил регистрацията/редакцията | |
| 944 ## - СЪЗДАВАНЕ И РЕДАКЦИЯ на ЗАПИСА | |
| Създаване/Редакция | Редакция |
| Дата на регистрацията/редакция | 2020-05-20 |
| Служител, извършил регистрацията/редакцията | ГГГ |
| 999 ## - СИСТЕМНИ КОНТРОЛНИ НОМЕРА | |
| Koha biblioitemnumber | 350259 |
| 999 ## - СИСТЕМНИ КОНТРОЛНИ НОМЕРА | |
| Koha biblioitemnumber | 350259 |
| 999 ## - СИСТЕМНИ КОНТРОЛНИ НОМЕРА | |
| Koha biblioitemnumber | 350256 |
| Код за отписване | Код за изгубен артикул | Източник на класификационната схема | Код за повреда | Коз за рестрикции | Код за отдаване | Артикулен № | Име на библиотеката - собственик | Име на библиотеката, в която се намира в момента | Статус (Текущо местоположение) | Дата на вписване в системата | Местоположение - отдел | Цена в лева | Инвентарен номер | Систематично азбучна сигнатура | Баркод | Цена в евро | Служебен тип на артикула |
|---|---|---|---|---|---|---|---|---|---|---|---|---|---|---|---|---|---|
| Не е изгубен | Universal Decimal Classification | Не е повреден | без рестрикции | заемане за дома | 757630 | Регионална библиотека "Любен Каравелов" Русе | Регионална библиотека "Любен Каравелов" Русе | Отдел Изкуство - подръчен фонд | 2020-04-02 | Отдел Изкуство - подръчен фонд | 6.05 | 261164 | 784/П 51 Л | 120000261164 | 3.09 | Нотни издания | |
| Изтеглен | Не е изгубен | Universal Decimal Classification | Не е повреден | без рестрикции | заемане за дома | 757631 | Регионална библиотека "Любен Каравелов" Русе | Регионална библиотека "Любен Каравелов" Русе | Отдел Изкуство - подръчен фонд | 2020-04-02 | Отдел Изкуство - подръчен фонд | 6.05 | 261165 | 784/П 51 Л | 120000261165 | 3.09 | Нотни издания |
| Не е изгубен | Universal Decimal Classification | Не е повреден | само за читалня | ползва се в читалня | 771037 | Регионална библиотека "Любен Каравелов" Русе | Регионална библиотека "Любен Каравелов" Русе | Хранилище | 2020-05-21 | Хранилище | 6.05 | 261255 | Цб М ІІ 7472 | 900000010282 | 3.09 | Нотни издания |